000 01402nam a2200397 a 4500
001 000115109
003 CHAP
005 20220329144516.0
008 181010s2018 mx a sm |||||||spa d
010 _a111570
011 _a112542
040 _cCHAP
090 _aTesis
100 1 _aMartínez Alonso, Elsa.
_9135929
245 1 0 _aUso ecológico de aserrín de pino y eucalipto de un aserradero de Nuevo Ocotlán, Oaxaca /
_h[En línea]
_cpor Elsa Martínez Alonso.
260 _aChapingo, Méx. :
_bEl autor,
_c2018.
500 _aPara ver el contenido del material haga clic en la liga
502 _aTesis (Ing. Forestal) -- UACH. División de Ciencias Forestales
590 _aBATCH-UPD
_b10
_c20190604
_lUCH01
_h1341
590 _aE11695DGD
_b10
_c20190604
_lUCH01
_h1340
590 _aE8697GMM
_b05
_c20181010
_lUCH01
_h0940
590 _aE8697GMM
_b05
_c20181010
_lUCH01
_h0942
590 _aE8697GMM
_b05
_c20181010
_lUCH01
_h1149
590 _aE8697GMM
_b05
_c20181130
_lUCH01
_h1337
590 _aE8697GMM
_b05
_c20190516
_lUCH01
_h1506
650 1 4 _aCompost.
_926105
650 1 4 _aCorteza.
_928309
650 1 4 _aEcología.
_935134
650 1 4 _aMadera
_xSubproductos.
_969627
650 1 4 _aMelaza.
_974313
650 1 4 _aSustratos
_xEfecto en plantas.
_9131634
856 _aFinding aid
_uhttp://10.13.5.2/tesis/sist115109.pdf
_zTeclea aquí
901 _aBK
942 _cTESIS
942 _n0
999 _c111570
_d111570